Easement: car parking (Record no. 66088)

MARC details
000 -LEADER
fixed length control field 01132cam a2200181 4500
001 - CONTROL NUMBER
control field X110859
008 - FIXED-LENGTH DATA ELEMENTS--GENERAL INFORMATION
fixed length control field 000000n2000 000 0 eng u
035 ## - SYSTEM CONTROL NUMBER
System control number (Sirsi) u110859
245 ## - TITLE STATEMENT
Title Easement: car parking
260 ## - PUBLICATION, DISTRIBUTION, ETC.
Date of publication, distribution, etc. 2000
490 ## - SERIES STATEMENT
Series statement Estates Gazette Case Summaries
Volume/sequential designation [2000] EGCS 143 (09/12/2000)
520 ## - SUMMARY, ETC.
Summary, etc. "Saeed v Plustrade Ltd", ChD 28 November 2000. Lease of claimant's flat granting parking rights over areas adjoining block - limited number of lessees so entitled - landlord having right to specify parking places - claimant and other eligible lessees parking on forecourt - landlord excluding all cars from forecourt while carrying out work preparatory to new lettings - landlord claiming right to terminate parkings rights on forecourt - landlord offering four spaces to eligible lessees - whether landlord so permitted by lease - whether landlord's past and intended conduct amounted to substantial interference. TAKEN FROM JOURNAL HEADNOTE.
650 ## - SUBJECT ADDED ENTRY--TOPICAL TERM
Topical term or geographic name entry element SAEED V PLUSTRADE
650 ## - SUBJECT ADDED ENTRY--TOPICAL TERM
Topical term or geographic name entry element CAR PARKING
650 ## - SUBJECT ADDED ENTRY--TOPICAL TERM
Topical term or geographic name entry element EASEMENTS
690 ## - LOCAL SUBJECT ADDED ENTRY--TOPICAL TERM (OCLC, RLIN)
Topical term or geographic name as entry element LANDLORD AND TENANT-RESIDENTIAL TENANCIES-CASE LAW
942 ## - ADDED ENTRY ELEMENTS (KOHA)
Suppress in OPAC 0
Holdings
Withdrawn status Lost status Source of classification or shelving scheme Damaged status Not for loan Home library Current library Shelving location Date acquired Total Checkouts Full call number Barcode Date last seen Copy number Price effective from Koha item type
    Dewey Decimal Classification     London London News article 09/02/2001   X110859 110859-1001 06/08/2019 1 06/08/2019 Law report